Europe in question : theories of regional international integration (Record no. 12490)

MARC details
000 -LEADER
fixed length control field 00305nam a2200097 4500
082 ## - DEWEY DECIMAL CLASSIFICATION NUMBER
Classification number 327
Item number HAR
100 ## - MAIN ENTRY--PERSONAL NAME
Personal name Harrison, Reginald J.
245 ## - TITLE STATEMENT
Title Europe in question : theories of regional international integration
Statement of responsibility, etc. Reginald J. Harrison
260 ## - PUBLICATION, DISTRIBUTION, ETC.
Place of publication, distribution, etc. London
Name of publisher, distributor, etc. George Allen & Unwin
Date of publication, distribution, etc. 1974
300 ## - PHYSICAL DESCRIPTION
Extent 256p.; 23cm.
Holdings
Withdrawn status Lost status Source of classification or shelving scheme Damaged status Not for loan Collection code Home library Current library Date acquired Total Checkouts Full call number Barcode Date last seen Price effective from Koha item type
    Dewey Decimal Classification     POLITICAL SCIENCE North Eastern Hill University North Eastern Hill University 06/04/1976   327 HAR 19663 24/11/2011 24/11/2011 Books